[Event "34th Chess Olympiad (men)"]
[Site "Istanbul"]
[Date "2000.10.30"]
[Round "3.61.2"]
[White "Cutter, Paul"]
[Black "Rideout, Dan"]
[WhiteElo "2122"]
[BlackElo "2000"]
[WhiteCountry "GCI"]
[BlackCountry "BER"]
[Result "1/2-1/2"]

1. e4 e5 2. Nf3 Nc6 3. Bc4 Bc5 4. b4 Bb4 5. c3 Ba5 6. Qb3 Qe7 7. O-O Nf6 
8. d4 O-O 9. Bg5 d6 10. Nbd2 Bb6 11. de5 de5 12. Bd5 Bg4 13. h3 Bh5 14. Nh4 Bg6 
15. Ng6 hg6 16. Nc4 Rac8 17. Nb6 cb6 18. Kh1 Qc5 19. Bf6 gf6 20. f4 Qe7 
21. f5 Kg7 22. fg6 fg6 23. Rf3 Rh8 24. Raf1 Rcf8 25. Qd1 Nd8 26. Qa4 Nc6 
27. Bc6 bc6 28. Qc6 Rf7 29. g4 g5 30. Kg2 Rh6 31. a4 f5 32. Qb5 f4 33. Rd1 Rd6 
34. Rd6 Qd6 35. Rd3 Qc7 36. c4 Kf6 37. Qd5 Kg7 38. Qb5 Re7 39. Rd5 Kf6 
40. c5 bc5 41. Rc5 Qd7 42. Rc6+ Kg7 43. Qa6 Qd2+ 44. Kf1 Qd1+ 45. Kf2 Qd2+ 
46. Kf1 Qd1+ 47. Kf2 Qd4+ 48. Kf1 Qe4 49. Rh6 Qh1+ 50. Kf2 Qh2+ 51. Kf1 Qh1+ 
52. Kf2 Qh2+ 
1/2-1/2

[Event "34th Chess Olympiad (men)"]
[Site "Istanbul"]
[Date "2000.10.30"]
[Round "3.61.3"]
[White "Kast, Harry"]
[Black "Cummins, John"]
[WhiteElo "2000"]
[BlackElo "2000"]
[WhiteCountry "BER"]
[BlackCountry "GCI"]
[Result "1/2-1/2"]

1. e4 c6 2. d4 d5 3. e5 e6 4. Nf3 Be7 5. Be2 Nd7 6. O-O c5 7. c3 a6 8. h3 Nb8 
9. Bf4 Nc6 10. a3 Bd7 11. b4 cd4 12. cd4 Rc8 13. Qd2 h6 14. Rc1 Qb6 15. Nc3 Qa7 
16. b5 ab5 17. Nb5 Qa5 18. Qa5 Na5 19. Rc8+ Bc8 20. Nc7+ Kd7 21. Nb5 f5 
22. Rc1 Nc6 23. a4 Bb4 24. Bd2 Bf8 25. a5 g5 26. Bd1 Rh7 27. Ba4 Nge7 
28. Na7 Kc7 29. Bb4 Kb8 30. Nc6+ bc6 31. Be7 Re7 32. Rc6 Rc7 33. Rb6+ Rb7 
34. Rb7+ Kb7 35. Nd2 Ka6 36. Nb3 Bb4 37. Be8 Ba5 38. Nc5+ Kb6 39. Bf7 Kb5 
40. Be6 Be6 41. Ne6 Kc6 42. Ng7 f4 43. Nf5 h5 44. Kf1 Kd7 45. g4 h4 46. f3 Bb4 
47. Ke2 Bf8 48. Kd3 Bb4 49. Kc2 Bf8 50. Kb3 Ke8 51. Ka4 Kd7 52. Kb5 Ba3 
53. e6+ Ke6 54. Kc6 Bb2 55. Kc7 Bc3 56. Kd8 Bb4 57. Ke8 Ba3 58. Nh6 Bb2 
59. Nf5 Ba3 60. Kd8 Bb2 61. Kc7 Bc3 62. Kc6 Bb2 63. Ng7+ Kf7 64. Nf5 
1/2-1/2

[Event "34th Chess Olympiad (men)"]
[Site "Istanbul"]
[Date "2000.10.30"]
[Round "3.62.1"]
[White "Tun, Yap"]
[Black "Battin, Richard"]
[WhiteElo "2000"]
[BlackElo "2020"]
[WhiteCountry "BRU"]
[BlackCountry "SEY"]
[Result "1-0"]

1. d4 d5 2. e3 Nf6 3. Bd3 c5 4. c3 Nc6 5. f4 Bg4 6. Nf3 c4 7. Bc2 b5 8. a3 e6 
9. O-O Bd6 10. Nbd2 Rb8 11. Qe1 Ne7 12. Ne5 Bf5 13. Bf5 ef5 14. Qg3 O-O 
15. Qh4 Rb6 16. Rf3 Be5 17. fe5 Ne4 18. Qe1 Ng5 19. Rf1 Rg6 20. Kh1 Qd7 
21. Nf3 Ne4 22. Qe2 Rh6 23. Kg1 Qe6 24. Bd2 Ng6 25. Be1 f4 26. Nd2 f5 
27. ef4 Nh4 28. Bh4 Rh4 29. Ne4 fe4 30. g3 Qg6 31. Kh1 Qg3 32. f5 Kh8 
33. Rf2 Qg5 34. f6 gf6 35. Rf5 Qh6 36. ef6 a6 37. f7 e3 38. Rg1 Qe6 39. Qg2 Qe4 
40. Qe4 Re4 41. Rfg5 
1-0

[Event "34th Chess Olympiad (men)"]
[Site "Istanbul"]
[Date "2000.10.30"]
[Round "3.62.2"]
[White "Renaud, Kenny"]
[Black "Yusof, Abdul"]
[WhiteElo "2000"]
[BlackElo "2000"]
[WhiteCountry "SEY"]
[BlackCountry "BRU"]
[Result "0-1"]

1. d4 d5 2. c4 Nf6 3. Nc3 c6 4. Nf3 g6 5. e3 Bg7 6. h3 O-O 7. Bd3 Nbd7 
8. Qc2 dc4 9. Bc4 Nb6 10. Bd3 Nbd5 11. a3 Bd7 12. Ne5 Rc8 13. f4 Nc3 14. bc3 e6 
15. O-O c5 16. Qb3 cd4 17. ed4 Bc6 18. a4 Re8 19. Bb2 Qd6 20. Rae1 Nd7 
21. c4 Red8 22. Rd1 Nf6 23. Be2 Ne4 24. Ba3 Qc7 25. d5 Be8 26. d6 Nd6 
27. Bd6 Rd6 28. Rd6 Qd6 29. Qb7 Qc5+ 30. Kh1 Rd8 31. Qe4 Ba4 32. Nd3 Qc7 
33. c5 Bc6 34. Qb4 Rb8 35. Qa3 Qb7 36. Bf3 Bf3 37. Rf3 Qb1+ 38. Kh2 Bd4 
39. Qa7 Qg1+ 40. Kg3 Rf8 41. Qa5 h5 42. h4 Bf6 43. Nf2 e5 44. c6 Re8 
45. Ne4 ef4+ 46. Rf4 Qe3+ 47. Rf3 Qe4 
0-1

[Event "34th Chess Olympiad (men)"]
[Site "Istanbul"]
[Date "2000.10.30"]
[Round "3.62.3"]
[White "Voon Choon, Leong"]
[Black "Kimende, Ralph"]
[WhiteElo "2000"]
[BlackElo "2202"]
[WhiteCountry "BRU"]
[BlackCountry "SEY"]
[Result "0-1"]

1. e4 c5 2. d4 cd4 3. c3 dc3 4. Nc3 Nc6 5. Bc4 e6 6. Nf3 Nf6 7. Qe2 Bb4 
8. O-O Qa5 9. Bd2 Qh5 10. h3 Bd6 11. Rfd1 Ne5 12. Nb5 Bb8 13. Bb4 Nf3+ 
14. Qf3 Qe5 15. Bd6 Qe4 16. Qb3 a6 17. Nc3 Qc6 18. Ba3 b5 19. Be2 Bb7 
20. Bf3 Qc7 21. Rac1 Qh2+ 22. Kf1 Bf3 23. gf3 Ba7 24. Qc2 Qh3+ 25. Ke2 Qh4 
26. Ne4 Ne4 27. Qc8+ Rc8 28. Rc8+ Qd8 29. Rd8+ Kd8 30. fe4 h5 31. Rd6 Kc7 
32. Ra6 Bb6 33. Bd6+ Kd6 34. Rb6+ Kc5 35. Rb7 Kc6 36. Ra7 h4 37. Kf1 h3 
38. Kg1 Rh4 39. Kh2 Re4 40. Kh3 Re2 41. Kg3 Rb2 42. Ra8 Kd6 43. Rb8 Ra2 
44. Rb5 f5 45. f4 Ke7 46. Rb7 Ra3+ 47. Kh4 Rf3 48. Rb4 Kf6 49. Rd4 Rf4+ 
0-1

[Event "34th Chess Olympiad (men)"]
[Site "Istanbul"]
[Date "2000.10.30"]
[Round "3.62.4"]
[White "Pothin, Victor"]
[Black "Dollah, Zaidi"]
[WhiteElo "2000"]
[BlackElo "2000"]
[WhiteCountry "SEY"]
[BlackCountry "BRU"]
[Result "0-1"]

1. e4 e5 2. Nf3 Nc6 3. d4 ed4 4. Nd4 g6 5. Bc4 Bg7 6. Nc6 bc6 7. c3 Ne7 
8. O-O O-O 9. Bg5 Kh8 10. f4 Rb8 11. b4 Rb4 12. cb4 Ba1 13. e5 d5 14. ed6 cd6 
15. Bh6 Qb6+ 16. Kh1 Rd8 17. Bf7 Nf5 18. Nd2 Bd4 19. Nc4 Qb7 20. g4 c5+ 
21. Qf3 Qf3+ 22. Rf3 Bb7 23. Nd2 Nh6 
0-1

[Event "34th Chess Olympiad (men)"]
[Site "Istanbul"]
[Date "2000.10.30"]
[Round "3.63.1"]
[White "Krylov, Sergey"]
[Black "Gluckman, David"]
[WhiteElo "2344"]
[BlackElo "2400"]
[WhiteCountry "IBSA"]
[BlackCountry "RSA"]
[Result "1/2-1/2"]

1. e4 Nf6 2. e5 Nd5 3. d4 d6 4. Nf3 g6 5. Bc4 c6 6. O-O Bg7 7. exd6 Qxd6 
8. Re1 Bg4 9. c3 O-O 10. Nbd2 e6 11. Ne4 Qc7 12. h3 Bxf3 
1/2-1/2

[Event "34th Chess Olympiad (men)"]
[Site "Istanbul"]
[Date "2000.10.30"]
[Round "3.63.2"]
[White "Solomon, Kenny"]
[Black "Berlinsky, Vladimir"]
[WhiteElo "2267"]
[BlackElo "2352"]
[WhiteCountry "RSA"]
[BlackCountry "IBSA"]
[Result "1/2-1/2"]

1. d4 Nf6 2. c4 c5 3. d5 b5 4. Nd2 a6 5. e4 d6 6. Bd3 g6 7. b3 Bg7 8. Bb2 O-O 
9. Ngf3 e5 10. dxe6 fxe6 11. O-O Nh5 12. Bxg7 Kxg7 13. g3 e5 14. cxb5 axb5 
15. Bxb5 Bh3 16. Re1 Bg4 17. Re3 Ra7 18. a4 Na6 19. Be2 Nb4 20. Ne1 Bxe2 
21. Qxe2 Nc6 22. Nc2 Nd4 23. Nxd4 cxd4 24. Rd3 Nf6 25. b4 d5 26. Rda3 Qb6 
27. exd5 Qxb4 28. Rb3 Qd6 29. Rb5 Nxd5 30. Nc4 Nc3 31. Qxe5+ Qxe5 32. Rxe5 
1/2-1/2

[Event "34th Chess Olympiad (men)"]
[Site "Istanbul"]
[Date "2000.10.30"]
[Round "3.63.3"]
[White "Dukaczewski, Piotr"]
[Black "Van Der Nat, Nicholas"]
[WhiteElo "2292"]
[BlackElo "2116"]
[WhiteCountry "IBSA"]
[BlackCountry "RSA"]
[Result "1-0"]

1. e4 c5 2. Nf3 d6 3. d4 cxd4 4. Nxd4 Nf6 5. Nc3 g6 6. Be3 Bg7 7. f3 Nc6 
8. Qd2 Bd7 9. Bc4 O-O 10. O-O-O Qa5 11. Kb1 Rfc8 12. Bb3 Ne5 13. h4 b5 
14. Ncxb5 Qa6 15. Na3 Rab8 16. g4 Be6 17. Nxe6 fxe6 18. Qf2 d5 19. exd5 Nxd5 
20. Bd4 Rf8 21. h5 g5 22. h6 Bf6 23. Rh5 Nf4 24. Bxe5 Nxh5 25. Bxb8 Rxb8 
26. gxh5 Qb7 27. Qd2 Kf7 28. Qd3 
1-0

[Event "34th Chess Olympiad (men)"]
[Site "Istanbul"]
[Date "2000.10.30"]
[Round "3.63.4"]
[White "Solomon, Maxwell"]
[Black "Wassin, Sergey"]
[WhiteElo "2000"]
[BlackElo "2305"]
[WhiteCountry "RSA"]
[BlackCountry "IBSA"]
[Result "0-1"]

1. Nf3 c5 2. Nc3 Nc6 3. g3 d5 4. cxd5 e5 5. d3 Be7 6. Bd2 Be6 7. Ne4 b6 
8. Qa4 Bd7 9. Qd1 Rc8 10. a3 Nd4 11.  Bh3 12. Re1 Nxf3+ 13. Qxf3 Bg4 14.  f6 
15. f3 Bh5 16.  Bf7 17. Rf1 exf4 18. Rxf4 c4 19. d4 Bg6 20.  f5 21. Rxf5 Bxf5 
22. Qxf5 Kf7 23.  b5 24. e5+ a5 25.  Ke8 26.  b4 27. axb4 axb4 28. d6 Kd7 
29. Be1 b3 30.  Ke6 31. Rd2 h5 32.  h4 33. Ra8 h3 34.  Kf5 35. d7+ Kg4 
36. e6+ hxg2 
0-1